Najlepsza książka fantasy według Lubimyczytać 2023 - Statystyki

Ogólne statystyki
  • Ten quiz został rozwiązany 40 razy
  • Średni wynik to 3 z 10
Statystyki odpowiedzi
Miejsce Liczba głosów Autor Tytuł % Poprawnych
1 2813 Rebecca F. Kuang Babel, czyli o konieczności przemocy
89%
5 1478 Andrzej Ziemiański Virion. Szermierz natchniony 3. Legion
74%
2 2708 Aneta Jadowska Katia. Cmentarne love story
32%
4 1663 Travis Baldree Legendy i Latte
26%
3 2354 Holly Black Następca tronu
26%
10 905 Ilona Andrews Pożoga
26%
9 1015 Samantha Shannon Dzień nastania nocy
21%
6 1383 Magdalena Kubasiewicz Klątwa dla demona
16%
8 1187 T. Kingfisher Pokrzywa i kość
11%
7 1380 Yan Ge Kroniki dziwnych bestii
5%
Nie znaleziono quizów pasujących do podanych kryteriów
Rozkład punktacji
Procent ludzi z każdym wynikiem
Percentyl według liczby udzielonych odpowiedzi
Twoja historia wyników
Nie rozwiązałeś tego quizu